Monaco - Choix multiples - Statistiques

Statistiques générales
  • Ce quiz a été pris 337 fois
  • Le résultat moyen est 6 sur 10
Statistiques - réponses
Question Réponse % Correct
Quel mot désigne un habitant de Monaco ? Monégasque
100%
Qu'est-ce que le Rolex Monte-Carlo Masters ? Un tournoi de tennis
88%
Quelle dynastie règne sur Monaco depuis 1297 ? Les Grimaldi
83%
Quel sujet aborde le principal musée de la principauté ? Les fonds marins
76%
Pourquoi Charles de Gaulle décida-t-il du blocus de Monaco et menaça-t-il d'y envoyer des chars en 1962 ? Pour s'opposer à la politique de Monaco en matière de taxation
57%
Selon la légende, qui aurait construit le port de Monaco et lui donne aujourd'hui son nom ? Hercule
49%
Laquelle affirmation au sujet des membres de la famille princière de Monaco est fausse ? Le prince Rainier III a reçu le prix Nobel de la paix.
49%
Que les habitants de Monaco n'ont-ils pas le droit de faire ? Jouer dans les casinos de la ville
48%
Lequel de ces jardins trouve-t-on à Monaco ?
45%
Lequel de ces noms ne désigne pas un quartier de Monaco ? Bas Vernet
43%
Aucun quiz correspondant
Distribution des résultats
% des personnes avec chaque résultat
Percentile par nombre de réponses
Votre historique - résultats
Vous n’avez pas pris ce quiz